Scenarios for change (Record no. 8935)

000 -LEADER
fixed length control field 00406pab a2200145 454500
008 - FIXED-LENGTH DATA ELEMENTS--GENERAL INFORMATION
fixed length control field 180718b1986 xxu||||| |||| 00| 0 eng d
100 ## - MAIN ENTRY--PERSONAL NAME
Personal name Joshi, A.K.
245 ## - TITLE STATEMENT
Title Scenarios for change
Remainder of title A symposium on some projections into the future - a select and relevant bibliography
260 ## - PUBLICATION, DISTRIBUTION, ETC.
Date of publication, distribution, etc. 1986
300 ## - PHYSICAL DESCRIPTION
Extent 50-2
362 ## - DATES OF PUBLICATION AND/OR SEQUENTIAL DESIGNATION
Dates of publication and/or sequential designation July
650 ## - SUBJECT ADDED ENTRY--TOPICAL TERM
Topical term or geographic name entry element Futurology - Bibliography
773 ## - HOST ITEM ENTRY
Main entry heading Seminar
909 ## -
-- 8935
Holdings
Withdrawn status Lost status Damaged status Not for loan Permanent Location Current Location Date acquired Serial Enumeration / chronology Barcode Date last seen Price effective from Koha item type
        Indian Institute of Public Administration Indian Institute of Public Administration 2018-07-19 Issue no: 323 AR8949 2018-07-19 2018-07-19 Articles

Powered by Koha